Príde k nám inšpekcia práce
Pojem a legislatíva inšpekcie práce. Štátna správa a inšpekcia práce. Oprávnenia inšpektora práce. Povinnosti zamestnávateľa na úseku prevencie. Inšpekcia práce v praxi.
Salvato in:
| Autore principale: | |
|---|---|
| Natura: | Capitolo di libro |
| Lingua: | slovacco |
| Soggetti: | |
| Tags: |
Nessun Tag, puoi essere il primo ad aggiungerne!!
|
MARC
| LEADER | 00000naa a2200000 4500 | ||
|---|---|---|---|
| 001 | r048095 | ||
| 005 | 20230919121602.7 | ||
| 041 | 0 | |a slo | |
| 044 | |a SK | ||
| 245 | 1 | 0 | |a Príde k nám inšpekcia práce |c Denisa Horníková |
| 520 | |a Pojem a legislatíva inšpekcie práce. Štátna správa a inšpekcia práce. Oprávnenia inšpektora práce. Povinnosti zamestnávateľa na úseku prevencie. Inšpekcia práce v praxi. | ||
| 610 | 2 | 0 | |a inšpekcia štátna |
| 610 | 2 | 0 | |a práca |
| 610 | 2 | 0 | |a kontrola preventívna |
| 610 | 2 | 0 | |a kontrola štátna |
| 610 | 2 | 0 | |a legislatíva |
| 610 | 2 | 0 | |a podnikatelia |
| 610 | 2 | 0 | |a zamestnávatelia |
| 610 | 2 | 0 | |a správa štátna |
| 100 | 1 | |a Horníková, Denisa | |